| 000 | 01364cam a22002295a 4500 | ||
|---|---|---|---|
| 008 | 230502s2022 xxk f 000 0 eng d | ||
| 041 | 0 | _aeng | |
| 245 | 0 | 0 |
_aColdunell Ltd v Hotel Management International Ltd _h[electronic resource] |
| 520 | _a[2022] EWHC 1290 (TCC), 27 May 2022. Centred on a dilapidations claim at a Surrey hotel. The 20-year lease required the tenant to return the property in good and substantial repair and condition. Because it failed to do so, the terminal schedule of dilapidations claimed almost £1.1m, of which around £465,000 had already been incurred by the landlord. Particularly relevant to the surveying profession is the experience of the expert witness surveyors. The tenant's surveyor was called 'slapdash' by the judge. | ||
| 650 | 2 | 4 | _aNEIGHBOUR DISPUTES |
| 650 | 2 | 4 | _aDAVIES v BRIDGEND CBC |
| 650 | 2 | 4 | _aPRIVATE NUISANCE |
| 650 | 0 | _aDILAPIDATIONS | |
| 650 | 2 | 4 | _aEXPERT WITNESSES |
| 650 | 2 | 4 | _aColdunell Ltd v Hotel Management International Ltd |
| 651 | 4 | _aUnited Kingdom | |
| 690 |
_aExpert witness _96239 |
||
| 690 |
_aDilapidations _96235 |
||
| 856 | 4 | 0 |
_uhttps://www.bailii.org/ew/cases/EWHC/TCC/2022/1290.html _zAvailable on bailii |
| 856 | 4 | 0 |
_uhttps://ww3.rics.org/uk/en/journals/built-environment-journal/dilapidations-case-expert-evidence.html _zRICS journals article about the case |
| 942 |
_n0 _2ddc |
||
| 999 |
_c121480 _d121480 |
||